A mixed harvest (Record no. 83355)

MARC details
000 -LEADER
fixed length control field 00664cab a22002055a 4500
001 - CONTROL NUMBER
control field L153716
008 - FIXED-LENGTH DATA ELEMENTS--GENERAL INFORMATION
fixed length control field 110822e20110813xxk 000 0 eng d
035 ## - SYSTEM CONTROL NUMBER
System control number (Sirsi) u153716
041 0# - LANGUAGE CODE
Language code of text/sound track or separate title eng
100 1# - MAIN ENTRY--PERSONAL NAME
Personal name Chalkley, Clive
245 02 - TITLE STATEMENT
Title A mixed harvest
260 ## - PUBLICATION, DISTRIBUTION, ETC.
Date of publication, distribution, etc. 2011
490 ## - SERIES STATEMENT
Series statement Estates Gazette
Volume/sequential designation (1132) 13 August 2011, 52-53(2)
520 ## - SUMMARY, ETC.
Summary, etc. The Court of Appeal has decided that the decision in "Good Harvest Partnership LLP v Centaur Services Ltd" is mostly correct, save for two notable qualifications.
590 ## - LOCAL NOTE (RLIN)
Local note KA
651 #4 - SUBJECT ADDED ENTRY--GEOGRAPHIC NAME
Geographic name England and Wales
Chronological subdivision 1543-
690 ## - LOCAL SUBJECT ADDED ENTRY--TOPICAL TERM (OCLC, RLIN)
Topical term or geographic name as entry element LANDLORD AND TENANT-LEASES
700 1# - ADDED ENTRY--PERSONAL NAME
Personal name Taggart, Nicholas
942 ## - ADDED ENTRY ELEMENTS (KOHA)
Suppress in OPAC 0
Holdings
Withdrawn status Lost status Source of classification or shelving scheme Damaged status Not for loan Home library Current library Shelving location Date acquired Total Checkouts Full call number Barcode Date last seen Copy number Price effective from Koha item type
    Dewey Decimal Classification     London London Journal article 22/08/2011   L153716 153716-1001 06/08/2019 1 06/08/2019 Journal article